[Event "40th Olympiad Women"]
[Site "Istanbul TUR"]
[Date "2012.08.30"]
[Round "3.40"]
[Board "3"]
[White "Arosemena, Betty"]
[Black "Horn, Emilia"]
[Result "0-1"]
[BlackTitle "WFM"]
[WhiteElo "1657"]
[BlackElo "2037"]
[WhiteTeam "Panama"]
[BlackTeam "Sweden"]
[WhiteFideId "6600425"]
[BlackFideId "1705385"]
[EventDate "2012.08.28"]

1. e4 e5 2. Nf3 Nc6 3. d4 exd4 4. Bc4 Nf6 5. O-O d6 6. Nxd4 Be7 7. Nxc6 bxc6 8.
Nc3 O-O 9. Re1 Nd7 10. Bf4 Nb6 11. Bd3 Re8 12. e5 d5 13. e6 Bxe6 14. Rxe6 fxe6
15. Qh5 Bf6 16. Bxh7+ Kf8 17. Bg6 e5 18. Re1 Nd7 19. Bg3 Ke7 20. Bxe5 Nxe5 21.
f4 Kd6 22. Bxe8 Qxe8 23. Qxe8 Rxe8 24. fxe5+ Bxe5 25. Na4 Bxh2+ 26. Kxh2 Rxe1 0-1

[Event "40th Olympiad Women"]
[Site "Istanbul TUR"]
[Date "2012.08.30"]
[Round "3.40"]
[Board "4"]
[White "Fransson, Angelina"]
[Black "Munoz, Alba"]
[Result "1-0"]
[BlackTitle "WCM"]
[WhiteElo "1968"]
[BlackElo "1667"]
[WhiteTeam "Sweden"]
[BlackTeam "Panama"]
[WhiteFideId "1712632"]
[BlackFideId "6600514"]
[EventDate "2012.08.28"]

1. e4 c6 2. Nf3 d5 3. exd5 cxd5 4. Ne5 Nf6 5. d4 e6 6. c3 a6 7. Bd3 Be7 8. O-O
O-O 9. Nd2 Nc6 10. Qe2 Qc7 11. f4 b5 12. g4 b4 13. g5 Ne8 14. Nxc6 Qxc6 15. c4
dxc4 16. Be4 Qd6 17. Bxa8 Qxd4+ 18. Qf2 Bc5 19. Qxd4 Bxd4+ 20. Kg2 c3 21. bxc3
Bxc3 22. Rb1 a5 23. Ne4 Bd4 24. Rd1 Bb6 25. Ng3 Nc7 26. Bf3 Nb5 27. Bb2 Be3 28.
Ne2 Bc5 29. h4 Be7 30. Rbc1 a4 31. Bc6 Nd6 32. Ng3 a3 33. Be5 Nb7 34. Kh2 Nc5
35. Nh5 f6 36. gxf6 gxf6 37. Rg1+ Kh8 38. Nxf6 1-0

[Event "40th Olympiad Women"]
[Site "Istanbul TUR"]
[Date "2012.08.30"]
[Round "3.41"]
[Board "2"]
[White "Omurbekova, Diana"]
[Black "Yurenok, Maria S"]
[Result "1/2-1/2"]
[BlackTitle "WFM"]
[WhiteElo "1697"]
[BlackElo "2058"]
[WhiteTeam "Kyrgyzstan"]
[BlackTeam "England"]
[WhiteFideId "13800752"]
[BlackFideId "409359"]
[EventDate "2012.08.28"]

1. e4 d5 2. exd5 Qxd5 3. Nc3 Qa5 4. d4 Nf6 5. Nf3 c6 6. Be2 Bg4 7. Ne5 Bxe2 8.
Qxe2 Qa6 9. Qf3 Nbd7 10. Bf4 e6 11. Nxd7 Nxd7 12. Ne4 Qa5+ 13. c3 Qd5 14. O-O
Nf6 15. Nxf6+ gxf6 16. Qd3 O-O-O 17. Be3 Rg8 18. f3 Qh5 19. c4 Bd6 20. f4 Qh3
21. Qe2 Bc7 22. Qf3 Qxf3 23. Rxf3 Bb6 24. c5 Bc7 25. Rh3 Rg7 26. Rh6 f5 27. Kf2
Rdg8 28. Rg1 Kd7 29. Kf3 Ke7 30. Bf2 Ke8 31. h3 Bd8 32. g4 f6 33. Rg3 Kf7 34.
Be3 Re8 35. g5 fxg5 36. fxg5 Bc7 37. Bf4 Bxf4 38. Kxf4 Rd8 39. Ke3 Re8 40. Rxh7
Rxh7 41. g6+ Kg7 42. gxh7+ Kxh7 43. h4 Rd8 44. b4 a6 45. Rg1 Rd7 46. a4 Kh6 47.
Rg8 Kh5 48. Re8 Kxh4 49. Rxe6 Kg5 50. Re8 Rh7 51. Rg8+ Kf6 52. Rf8+ Ke6 53. Re8+
Kd5 54. Re5+ Kc4 55. b5 axb5 56. axb5 Rh3+ 57. Kd2 cxb5 58. Rxf5 Kxd4 59. Rf7
Rh2+ 60. Kc1 Kc3 61. Kb1 b4 62. Rf3+ Kc4 63. Rf7 Kxc5 64. Rxb7 Kc4 65. Rc7+ Kb3
66. Rc1 Ka3 67. Ka1 b3 68. Kb1 Rh3 69. Re1 b2 70. Rf1 Rc3 71. Re1 Kb3 72. Rh1 1/2-1/2

[Event "40th Olympiad Women"]
[Site "Istanbul TUR"]
[Date "2012.08.30"]
[Round "3.41"]
[Board "3"]
[White "Hegarty, Sarah N"]
[Black "Tilenbaev, Baktygul"]
[Result "1-0"]
[WhiteTitle "WFM"]
[WhiteElo "2120"]
[BlackElo "1940"]
[WhiteTeam "England"]
[BlackTeam "Kyrgyzstan"]
[WhiteFideId "2501465"]
[BlackFideId "13800639"]
[EventDate "2012.08.28"]

1. e4 e5 2. Nf3 Nc6 3. Bc4 Bc5 4. c3 Nf6 5. d3 d6 6. Nbd2 O-O 7. O-O Bg4 8. h3
Bh5 9. Re1 a6 10. Bb3 b5 11. Nf1 Qd7 12. Ng3 Bg6 13. Nh4 Ne7 14. Bg5 Ne8 15. Qf3
Kh8 16. d4 exd4 17. e5 d5 18. e6 Qd8 19. Nxg6+ hxg6 20. exf7 Nf6 21. cxd4 Bb4
22. Re6 Rxf7 23. Bxf6 Qd7 24. Rxe7 Bxe7 25. Qxd5 Qxd5 26. Bxd5 Bxf6 27. Bxf7 Rf8
28. Bxg6 Bxd4 29. Ne4 Bxb2 30. Rd1 Rb8 31. Rd7 c6 32. Rc7 a5 33. Rxc6 a4 34. Nd6
b4 35. Bf7 Kh7 36. Ra6 Rd8 37. g3 a3 38. Bb3 Rf8 39. Bc2+ Kg8 40. Bb3+ Kh7 41.
Ne4 Rc8 42. Rb6 Rc1+ 43. Kg2 Bc3 44. Nxc3 bxc3 45. Rc6 g6 46. h4 Kg7 47. Kf3 Kf8
48. Ke2 Ke7 49. Rxg6 Rb1 50. Kd3 Rb2 51. Ke4 1-0

[Event "40th Olympiad Women"]
[Site "Istanbul TUR"]
[Date "2012.08.30"]
[Round "3.41"]
[Board "4"]
[White "Alymbay, Kyzy Aizhan"]
[Black "Bhatia, Kanwal K"]
[Result "1-0"]
[BlackTitle "WFM"]
[WhiteElo "1810"]
[BlackElo "2103"]
[WhiteTeam "Kyrgyzstan"]
[BlackTeam "England"]
[WhiteFideId "13800043"]
[BlackFideId "407496"]
[EventDate "2012.08.28"]

1. e4 e5 2. Nf3 Nc6 3. d4 exd4 4. Nxd4 Bc5 5. Nxc6 Qf6 6. Qf3 bxc6 7. Nc3 Rb8 8.
b3 d6 9. Bb2 Bd4 10. Rd1 Bg4 11. Qxf6 Bxf6 12. Rd3 Ne7 13. g3 Ng6 14. f4 Rb4 15.
Bg2 O-O 16. O-O Bc8 17. Ba3 Rd4 18. e5 Rxd3 19. cxd3 Be7 20. exd6 Bxd6 21. Bxd6
cxd6 22. Bxc6 Bh3 23. Bg2 Rc8 24. Nb5 Bxg2 25. Kxg2 a6 26. Nxd6 Rd8 27. Nc4 Rxd3
28. Re1 Kf8 29. Re2 Ne7 30. Rd2 Rxd2+ 31. Nxd2 Nd5 32. Kf3 Ke7 33. Ne4 Nb4 34.
Nc3 Kd6 35. Ke4 Kc5 36. h3 Nc6 37. a3 a5 38. g4 Kd6 39. h4 Ke6 40. Nb5 Kd7 41.
h5 Ne7 42. Nd4 Kc7 43. Nf5 Nc6 44. Nxg7 Kd6 45. g5 Ke7 46. Nf5+ Kd7 47. Nd4 Ne7
48. f5 Kd6 49. Nf3 Nd5 50. Nd4 Nc3+ 51. Kd3 Nd5 52. Kc4 Ne3+ 53. Kb5 Ke5 54. g6
fxg6 55. fxg6 hxg6 56. Nc6+ Kf6 57. hxg6 Kxg6 58. Nxa5 Kf6 59. Nc4 Nd5 60. a4
Ke6 61. a5 Nc7+ 62. Kc6 Na6 63. Kb6 Nb8 64. a6 Nd7+ 65. Kb5 Nf6 66. a7 Nd5 67.
Kc6 1-0

[Event "40th Olympiad Women"]
[Site "Istanbul TUR"]
[Date "2012.08.30"]
[Round "3.42"]
[Board "1"]
[White "Lang, Heather"]
[Black "Zozulia, Anna"]
[Result "0-1"]
[BlackTitle "IM"]
[WhiteElo "2015"]
[BlackElo "2346"]
[WhiteTeam "Scotland"]
[BlackTeam "Belgium"]
[WhiteFideId "2400979"]
[BlackFideId "14102110"]
[EventDate "2012.08.28"]

1. e4 c5 2. Nc3 Nc6 3. g3 g6 4. Bg2 Bg7 5. d3 d6 6. Be3 Rb8 7. Qd2 b5 8. Nge2 b4
9. Nd1 Nd4 10. O-O e6 11. Nc1 Ne7 12. c3 Ndc6 13. Bh6 bxc3 14. bxc3 O-O 15. Bxg7
Kxg7 16. Ne3 Ba6 17. f4 f5 18. exf5 gxf5 19. Re1 d5 20. Nb3 Qd6 21. d4 cxd4 22.
Nxd4 Kg8 23. Nxd5 exd5 24. Nxc6 Nxc6 25. Bxd5+ Kh8 26. Re6 Qc5+ 27. Kh1 Rb2 28.
Qd1 Qf2 29. Qh5 Bf1 30. Bxc6 Bg2+ 31. Bxg2 Qxg2# 0-1

[Event "40th Olympiad Women"]
[Site "Istanbul TUR"]
[Date "2012.08.30"]
[Round "3.42"]
[Board "2"]
[White "Baekelant, Eva"]
[Black "Roy, Ali"]
[Result "1-0"]
[WhiteTitle "WFM"]
[WhiteElo "2128"]
[BlackElo "1836"]
[WhiteTeam "Belgium"]
[BlackTeam "Scotland"]
[WhiteFideId "210030"]
[BlackFideId "2400456"]
[EventDate "2012.08.28"]

1. d4 d5 2. c4 c6 3. Nf3 Nf6 4. e3 Bf5 5. Nh4 Be4 6. f3 Bg6 7. Nc3 e6 8. Nxg6
hxg6 9. Qb3 Qc7 10. f4 Nbd7 11. Bd2 Be7 12. Be2 dxc4 13. Qxc4 Nb6 14. Qb3 Nfd5
15. g3 f5 16. e4 Nxc3 17. bxc3 Qd7 18. Bd3 Bd6 19. O-O-O O-O-O 20. a4 Rh3 21.
Kc2 Rdh8 22. a5 Na8 23. Bc4 Qc7 24. Bxe6+ Kd8 25. exf5 Rxh2 26. Rxh2 Rxh2 27.
fxg6 b5 28. Bg4 Qe7 29. Qg8+ Qf8 30. Qe6 Kc7 31. Qd7+ Kb8 32. Qxc6 Nc7 33. a6 1-0

[Event "40th Olympiad Women"]
[Site "Istanbul TUR"]
[Date "2012.08.30"]
[Round "3.42"]
[Board "3"]
[White "Durno, Joy"]
[Black "Barbier, Wiebke"]
[Result "0-1"]
[WhiteTitle "WFM"]
[WhiteElo "1863"]
[BlackElo "1952"]
[WhiteTeam "Scotland"]
[BlackTeam "Belgium"]
[WhiteFideId "2403501"]
[BlackFideId "207977"]
[EventDate "2012.08.28"]

1. d4 d6 2. Nf3 Nf6 3. c4 Nbd7 4. Nc3 e5 5. g3 Be7 6. Bg2 O-O 7. O-O Ne8 8. e4
g6 9. h3 Ng7 10. Nd5 Re8 11. Nxe7+ Qxe7 12. Re1 c6 13. Bd2 b6 14. Bc3 Bb7 15.
Qd2 a6 16. Rad1 Rad8 17. b3 Nh5 18. dxe5 Nxe5 19. Nh2 c5 20. g4 Ng7 21. Qh6 f6
22. Qe3 g5 23. f4 Ng6 24. fxg5 fxg5 25. Nf1 Nf4 26. Bh1 h5 27. Ng3 Nxh3+ 28. Kh2
hxg4 29. Bf3 gxf3 30. Kxh3 g4+ 31. Kh2 Qh4+ 0-1

[Event "40th Olympiad Women"]
[Site "Istanbul TUR"]
[Date "2012.08.30"]
[Round "3.43"]
[Board "1"]
[White "Sop, Selen"]
[Black "Richards, Deborah"]
[Result "1-0"]
[WhiteTitle "WCM"]
[BlackTitle "WFM"]
[WhiteElo "1993"]
[BlackElo "1997"]
[WhiteTeam "Turkey 2016"]
[BlackTeam "Jamaica"]
[WhiteFideId "6300278"]
[BlackFideId "7400446"]
[EventDate "2012.08.28"]

1. e4 c5 2. Nf3 e6 3. c4 Nc6 4. Nc3 Nf6 5. Be2 d5 6. exd5 exd5 7. d4 cxd4 8.
Nxd4 dxc4 9. Nxc6 Qxd1+ 10. Bxd1 bxc6 11. Bf3 Bd7 12. O-O Rc8 13. Re1+ Be6 14.
Be3 Rc7 15. Bf4 Rc8 16. Rad1 Bb4 17. Bd6 Bxd6 18. Rxd6 O-O 19. Rxc6 Rxc6 20.
Bxc6 g6 21. h3 Rc8 22. Bf3 Rb8 23. Re2 Rd8 24. a3 Kg7 25. Nb5 a5 26. Nc7 Bf5 27.
Re5 Rd2 28. Rb5 h5 29. Nd5 Be6 30. Ne3 h4 31. Kf1 Bd7 32. Rb7 Be6 33. Ke1 Rd3
34. Ra7 Rb3 35. Nd1 Rb5 36. a4 Re5+ 37. Kd2 Bf5 38. Ne3 Ne4+ 39. Bxe4 Bxe4 40.
f3 Bd3 41. Rb7 Re6 42. Rb5 f5 43. Rxa5 f4 44. Ra7+ Kf8 45. Ra8+ Kf7 46. Ra7+ Kf8
47. Nd5 Re2+ 48. Kc3 Rxg2 49. Rb7 Rc2+ 50. Kd4 Be2 51. Nxf4 Bxf3 52. Nxg6+ Kg8
53. Rb8+ Kg7 54. Nxh4 Bc6 55. a5 Rh2 56. Nf5+ Kf6 57. Kc5 Bd7 58. Nd4 Rxh3 59.
a6 Rh5+ 60. Kxc4 Ra5 61. Rb6+ Ke7 62. Nc6+ Bxc6 63. Rxc6 Kd7 64. Rh6 Kc7 65. b4
Rg5 66. b5 Rg4+ 67. Kc5 Rg5+ 68. Kb4 Rg4+ 69. Ka5 Rg5 70. Rc6+ Kb8 71. Kb6 Rg8
72. Rd6 Rh8 73. Kc6 Rc8+ 74. Kb6 Rh8 75. Rf6 Rc8 76. Ka5 Rc5 77. Kb4 Rh5 78. b6
Rh8 79. Kc5 Rd8 80. Kc6 Rh8 81. Kd6 Rd8+ 82. Ke7 Rc8 83. Rf8 1-0

[Event "40th Olympiad Women"]
[Site "Istanbul TUR"]
[Date "2012.08.30"]
[Round "3.43"]
[Board "2"]
[White "Gray, Krishna"]
[Black "Arig, Busra"]
[Result "1/2-1/2"]
[WhiteElo "1728"]
[BlackElo "1864"]
[WhiteTeam "Jamaica"]
[BlackTeam "Turkey 2016"]
[WhiteFideId "7400659"]
[BlackFideId "6309356"]
[EventDate "2012.08.28"]

1. d4 f5 2. Nc3 Nf6 3. Nf3 e6 4. Bg5 Bb4 5. Qd3 O-O 6. a3 Bxc3+ 7. Qxc3 b6 8. h4
Nc6 9. O-O-O Qe8 10. Bf4 Ne4 11. Qe1 d6 12. Ng5 Bb7 13. f3 Nf6 14. e4 h6 15.
Nxe6 Qxe6 16. d5 Qd7 17. dxc6 Qxc6 18. exf5 Rae8 19. Qg3 Nh5 20. Qg4 Nxf4 21.
Qxf4 Re5 22. Bd3 Qc5 23. Rhe1 Rfe8 24. Rxe5 dxe5 25. Qc4+ Qxc4 26. Bxc4+ Kf8 27.
Rd7 Re7 28. Rd8+ Re8 29. Rd7 Re7 30. Rd8+ Re8 31. Rd7 Re7 1/2-1/2

[Event "40th Olympiad Women"]
[Site "Istanbul TUR"]
[Date "2012.08.30"]
[Round "3.43"]
[Board "4"]
[White "Barrett, Ariel"]
[Black "Ozturk, Hilal"]
[Result "0-1"]
[WhiteTitle "WCM"]
[WhiteElo "1774"]
[BlackElo "1806"]
[WhiteTeam "Jamaica"]
[BlackTeam "Turkey 2016"]
[WhiteFideId "7400411"]
[BlackFideId "6315330"]
[EventDate "2012.08.28"]

1. e4 e5 2. Nf3 Nc6 3. Bc4 Bc5 4. d3 h6 5. c3 Nf6 6. O-O Bb6 7. Nbd2 d6 8. Bb3
a6 9. h3 Be6 10. Bxe6 fxe6 11. Qb3 Qc8 12. Nc4 Ba7 13. Be3 O-O 14. Bxa7 Rxa7 15.
Ne3 Qe8 16. Rad1 Kh8 17. Nh2 Nh5 18. d4 Qg6 19. Kh1 exd4 20. cxd4 Qxe4 21. d5
exd5 22. Nxd5 Qh4 23. Qe3 Qd8 24. Ng4 Kh7 25. Qe4+ Kh8 26. Qg6 Nf4 27. Nxf4 Rxf4
28. Nxh6 Ne5 29. Qg3 Qf8 30. Ng4 Nxg4 31. hxg4 Ra8 32. Qh3+ Kg8 33. Qb3+ Qf7 34.
Qxb7 Re8 35. f3 Re2 36. Qxc7 Qxc7 0-1

[Event "40th Olympiad Women"]
[Site "Istanbul TUR"]
[Date "2012.08.30"]
[Round "3.45"]
[Board "1"]
[White "Jalloul, Maya M."]
[Black "Mazariego-K., Carolina"]
[Result "1-0"]
[WhiteTitle "WFM"]
[BlackTitle "WIM"]
[WhiteElo "1923"]
[BlackElo "2062"]
[WhiteTeam "Lebanon"]
[BlackTeam "Guatemala"]
[WhiteFideId "5300800"]
[BlackFideId "7300115"]
[EventDate "2012.08.28"]

1. c4 e5 2. g3 Nc6 3. Bg2 Nf6 4. Nc3 Be7 5. e3 d6 6. Nge2 h6 7. O-O Be6 8. Nd5
O-O 9. d3 Qd7 10. Rb1 Bh3 11. b4 Bxg2 12. Kxg2 a5 13. b5 Nd8 14. Nec3 b6 15. Ba3
Ne6 16. f4 exf4 17. gxf4 Rfe8 18. Rf3 Nh7 19. Nxe7+ Rxe7 20. Nd5 Ree8 21. Rg3
Rab8 22. Bb2 f5 23. Qh5 Qf7 24. Qxh6 Rbc8 25. Rg1 c6 26. bxc6 Rc7 27. Nxc7 Qxc7
28. Kf2 g5 29. Qg6+ Ng7 30. Bxg7 Qxg7 31. Qxe8+ 1-0

[Event "40th Olympiad Women"]
[Site "Istanbul TUR"]
[Date "2012.08.30"]
[Round "3.45"]
[Board "2"]
[White "Mencos, Claudia"]
[Black "Makhlouf, Youmna"]
[Result "1/2-1/2"]
[WhiteTitle "WIM"]
[BlackTitle "WFM"]
[WhiteElo "2035"]
[BlackElo "1950"]
[WhiteTeam "Guatemala"]
[BlackTeam "Lebanon"]
[WhiteFideId "7300573"]
[BlackFideId "5300819"]
[EventDate "2012.08.28"]

1. e4 e6 2. d4 d5 3. Nd2 dxe4 4. Nxe4 Bd7 5. Nf3 Bc6 6. Bd3 Nd7 7. O-O Ngf6 8.
Qe2 Bxe4 9. Bxe4 Nxe4 10. Qxe4 c6 11. c4 Be7 12. Bf4 O-O 13. Rad1 Nf6 14. Qe2
Re8 15. a3 a5 16. Rfe1 Qc8 17. h3 c5 18. Be5 h6 19. Qc2 b6 20. Qc3 Qb7 21. Re3
Rac8 22. Rde1 cxd4 23. Nxd4 Nd5 24. Qd3 Nxe3 25. Qxe3 Bf8 26. Qg3 Rxc4 27. Nb5
g6 28. Nd6 Bxd6 29. Bxd6 Qd5 30. Bf4 g5 31. Be3 b5 32. Bb6 a4 33. Ba5 Qc6 34.
Qe3 Qd5 35. Qe2 Rd4 36. Bc3 Rd3 37. Bb4 Kh7 38. Qh5 Qf5 39. Qe2 Rd5 40. Qe3 Red8
41. Qe2 Qd3 42. Qh5 R8d7 43. Rc1 Qb3 44. Bf8 Qxb2 1/2-1/2

[Event "40th Olympiad Women"]
[Site "Istanbul TUR"]
[Date "2012.08.30"]
[Round "3.45"]
[Board "3"]
[White "Bedrosian, Danielle"]
[Black "Mencos Castillo, Maria"]
[Result "0-1"]
[WhiteElo "1796"]
[BlackElo "1721"]
[WhiteTeam "Lebanon"]
[BlackTeam "Guatemala"]
[WhiteFideId "5300479"]
[BlackFideId "7300867"]
[EventDate "2012.08.28"]

1. c4 Nf6 2. g3 e6 3. Bg2 c5 4. Nc3 a6 5. Nf3 Nc6 6. O-O Be7 7. d4 cxd4 8. Nxd4
O-O 9. e3 Qc7 10. Qb3 Ne5 11. Na4 Qxc4 12. Nb6 Qxb3 13. Nxb3 Rb8 14. Bd2 d5 15.
Rfc1 Ned7 16. Ba5 Nxb6 17. Bxb6 Bd8 18. Bc5 Re8 19. Rc2 b6 20. Bd6 Ra8 21. Rac1
Bd7 22. Nd4 a5 23. Bf1 Be7 24. Bc7 Bc5 25. Nb3 Ba4 26. Bd3 Bxb3 27. axb3 Re7 28.
Be5 Nd7 29. Bd4 e5 30. Bxc5 Nxc5 31. Bb5 g6 32. Rc3 Rd8 33. Kf1 Kg7 34. R1c2 d4
35. exd4 Rxd4 36. Rf3 f5 37. Bc4 Red7 38. Ke1 Nd3+ 39. Kf1 Nb4 40. Re2 e4 41.
Rc3 Rd2 42. Bb5 Rd1+ 43. Re1 Rxe1+ 44. Kxe1 Re7 45. Kd2 Kf6 46. Rc8 Ke5 47. Rb8
Re6 48. Bc4 Rd6+ 49. Ke3 Nd5+ 50. Ke2 Nf6 51. Rb7 h5 52. h4 Nd5 53. Bxd5 Kxd5
54. Ke3 Ke5 55. Re7+ Kf6 56. Rb7 Rd3+ 0-1

[Event "40th Olympiad Women"]
[Site "Istanbul TUR"]
[Date "2012.08.30"]
[Round "3.46"]
[Board "1"]
[White "Madrigal, Ana Daniela"]
[Black "Al-khelaifi, Aisha"]
[Result "1-0"]
[WhiteTitle "WFM"]
[WhiteElo "2026"]
[BlackElo "1688"]
[WhiteTeam "Nicaragua"]
[BlackTeam "Qatar"]
[WhiteFideId "6101097"]
[BlackFideId "12100625"]
[EventDate "2012.08.28"]

1. d4 d5 2. Nf3 Nf6 3. c4 c6 4. Nc3 a6 5. e3 e6 6. b3 Nbd7 7. Bd3 Bd6 8. O-O O-O
9. e4 dxe4 10. Nxe4 Nxe4 11. Bxe4 h6 12. Bb2 Nf6 13. Bc2 b5 14. Qd3 Re8 15. Rfe1
Bb7 16. c5 Bc7 17. Ne5 a5 18. Rad1 b4 19. Bc1 Kf8 20. Qf3 Qe7 21. Qh3 Ng8 22.
Re3 Rad8 23. f4 Qf6 24. Ng4 Qe7 25. Qf3 Nf6 26. f5 Nxg4 27. Qxg4 exf5 28. Qxf5
Qh4 29. g3 Qf6 30. Qxf6 gxf6 31. Rxe8+ Rxe8 32. Bxh6+ Kg8 33. Rf1 Bd8 34. Bf5
Re2 35. Rf4 1-0

[Event "40th Olympiad Women"]
[Site "Istanbul TUR"]
[Date "2012.08.30"]
[Round "3.46"]
[Board "2"]
[White "Al-khulaifi, Ghada"]
[Black "Mendieta, Kathya"]
[Result "0-1"]
[BlackTitle "WCM"]
[WhiteElo "1646"]
[BlackElo "1763"]
[WhiteTeam "Qatar"]
[BlackTeam "Nicaragua"]
[WhiteFideId "12100633"]
[BlackFideId "6101496"]
[EventDate "2012.08.28"]

1. e4 c5 2. b4 d6 3. d4 cxd4 4. Qxd4 Nc6 5. Bb5 Bd7 6. Bxc6 Bxc6 7. Nc3 e5 8.
Qd3 b6 9. b5 Bb7 10. Nf3 Be7 11. Nd5 Bxd5 12. Qxd5 Rc8 13. Qd3 Qc7 14. O-O Qxc2
15. Qa3 Qc7 16. Bg5 Bxg5 17. Nxg5 Qe7 18. Rac1 Rd8 19. Qg3 Nf6 20. Qh3 O-O 21.
Qh4 h6 22. Nh3 Qe6 23. f4 exf4 24. Rxf4 Qe5 25. Rff1 Rc8 26. Rce1 Rc2 27. Rd1
Qxe4 28. Nf4 d5 29. Qg3 Qc4 30. Qf3 Rc3 31. Rd3 Rxd3 32. Nxd3 Qxb5 33. Nf4 Qc5+
34. Kh1 b5 35. h4 Qc4 36. Re1 Qxa2 37. g4 Qc4 38. g5 Qb4 39. Qf2 0-1

[Event "40th Olympiad Women"]
[Site "Istanbul TUR"]
[Date "2012.08.30"]
[Round "3.51"]
[Board "1"]
[White "Tembo, Epah"]
[Black "Vazquez Maccarini, Danitza"]
[Result "1/2-1/2"]
[WhiteTitle "WCM"]
[BlackTitle "WFM"]
[WhiteElo "1927"]
[BlackElo "1916"]
[WhiteTeam "Zambia"]
[BlackTeam "Puerto Rico"]
[WhiteFideId "8700125"]
[BlackFideId "3101193"]
[EventDate "2012.08.28"]

1. e4 c5 2. Nc3 e6 3. g3 d6 4. Bg2 g6 5. d3 Bg7 6. Be3 Nc6 7. Nge2 Nge7 8. Qd2
Nd4 9. Nd1 Rb8 10. c3 Nxe2 11. Qxe2 b5 12. O-O O-O 13. Qd2 b4 14. Bh6 bxc3 15.
bxc3 Ba6 16. Bxg7 Kxg7 17. Ne3 Qa5 18. Ng4 Ng8 19. f4 f5 20. Ne3 Nf6 21. g4 fxe4
22. g5 Nd5 23. dxe4 Nxe3 24. Qxe3 Bxf1 25. Bxf1 Qb6 26. Bc4 Qb2 27. Rd1 Qc2 28.
Rxd6 Rb1+ 29. Bf1 Qc1 30. Qh3 Qxf1+ 31. Qxf1 Rxf1+ 32. Kxf1 Rxf4+ 33. Ke2 Rxe4+
34. Kf3 Ra4 35. Rxe6 Rxa2 36. Re7+ Kg8 37. Rc7 a5 38. h4 Ra4 39. Rc8+ Kf7 40.
Rc7+ Ke6 41. Rxh7 Rc4 42. h5 Rxc3+ 43. Ke4 gxh5 44. Rh6+ Kf7 45. Ra6 Rg3 46. Kf5
Rf3+ 47. Ke4 Rg3 48. Kf5 Rf3+ 49. Ke4 1/2-1/2

[Event "40th Olympiad Women"]
[Site "Istanbul TUR"]
[Date "2012.08.30"]
[Round "3.51"]
[Board "2"]
[White "Comas Colon, Rinelly"]
[Black "Mtine, Joy"]
[Result "1-0"]
[WhiteTitle "WFM"]
[WhiteElo "1810"]
[BlackElo "2050"]
[WhiteTeam "Puerto Rico"]
[BlackTeam "Zambia"]
[WhiteFideId "3101576"]
[BlackFideId "8700206"]
[EventDate "2012.08.28"]

1. c4 g6 2. g3 Bg7 3. Nc3 Nf6 4. Bg2 d6 5. d3 O-O 6. Nf3 c5 7. O-O Nc6 8. Bd2
Bd7 9. h3 Qc8 10. Kh2 Ne8 11. Qc1 Ne5 12. Nxe5 Bxe5 13. Rb1 Nc7 14. a3 Ne6 15.
Nd5 Re8 16. Qd1 Nd4 17. e3 Ne6 18. h4 Nd8 19. Bc3 Nc6 20. Rc1 Rb8 21. b4 cxb4
22. axb4 Bxc3 23. Rxc3 Qd8 24. b5 Ne5 25. Rb3 Ng4+ 26. Kg1 Nf6 27. Nxf6+ exf6
28. Ra3 Qb6 29. Qa1 a6 30. bxa6 bxa6 31. Rxa6 Qc5 32. Qxf6 Re6 33. Qf4 Rb6 34.
Rxb6 Qxb6 35. Bd5 Re7 36. Qf6 Qd8 37. Bxf7+ 1-0

[Event "40th Olympiad Women"]
[Site "Istanbul TUR"]
[Date "2012.08.30"]
[Round "3.51"]
[Board "3"]
[White "Mbatha, Constance"]
[Black "Pacheco Medina, Hilzandryly"]
[Result "0-1"]
[WhiteElo "1746"]
[BlackElo "1820"]
[WhiteTeam "Zambia"]
[BlackTeam "Puerto Rico"]
[WhiteFideId "8700591"]
[BlackFideId "3100480"]
[EventDate "2012.08.28"]

1. e4 e6 2. d4 d5 3. e5 c5 4. c3 Nc6 5. Nf3 Bd7 6. Be3 Qb6 7. Qd2 f6 8. Be2 fxe5
9. Nxe5 Nf6 10. Nxd7 Kxd7 11. Bf3 cxd4 12. cxd4 Bb4 13. Nc3 Qa6 14. Be2 Qa5 15.
f3 a6 16. O-O Raf8 17. a3 Bd6 18. b4 Qc7 19. h3 Nh5 20. Na4 Bh2+ 21. Kh1 Ng3+
22. Kxh2 Nxf1+ 23. Kg1 Nxd2 24. Bxd2 Nxd4 25. Bd1 Qg3 26. Kf1 Nxf3 27. Bxf3
Rxf3+ 28. gxf3 Qxf3+ 29. Ke1 Qh1+ 0-1

[Event "40th Olympiad Women"]
[Site "Istanbul TUR"]
[Date "2012.08.30"]
[Round "3.52"]
[Board "1"]
[White "Howard, Corinne"]
[Black "Ishizuka, Mirai"]
[Result "1-0"]
[WhiteElo "1720"]
[BlackElo "1839"]
[WhiteTeam "Barbados"]
[BlackTeam "Japan"]
[WhiteFideId "11100362"]
[BlackFideId "7001070"]
[EventDate "2012.08.28"]

1. e4 c5 2. c3 d5 3. exd5 Qxd5 4. d4 Nf6 5. Nf3 Bg4 6. Be2 e6 7. h3 Bh5 8. Na3
Nc6 9. Nb5 Rc8 10. Bf4 cxd4 11. Nc7+ Rxc7 12. Bxc7 dxc3 13. bxc3 Qxd1+ 14. Bxd1
Nd5 15. Bh2 Nxc3 16. O-O Ba3 17. Bb3 O-O 18. Rae1 Bc5 19. Bc4 Bb6 20. g4 Bg6 21.
Kg2 Rd8 22. Rc1 Ne4 23. Bb3 Nb4 24. Bc7 Bxc7 25. Rxc7 Nd6 26. Rd1 Nc6 27. Ba4
Be4 28. Bxc6 bxc6 29. Rxd6 Rb8 30. Rdd7 h6 31. Rxf7 Rb2 32. Rxg7+ Kh8 33. Rgd7
Rb8 34. Rxa7 Rf8 35. Rf7 Rd8 36. Kg3 Kg8 37. Rfd7 Rf8 38. Ne5 Rc8 39. Re7 c5 40.
Rac7 Ra8 41. a4 Kf8 42. Rf7+ Kg8 43. h4 Rb8 44. Rg7+ Kf8 45. Rcf7+ 1-0

[Event "40th Olympiad Women"]
[Site "Istanbul TUR"]
[Date "2012.08.30"]
[Round "3.52"]
[Board "2"]
[White "Nakagawa, Emiko"]
[Black "Ramsay, Sheena"]
[Result "1-0"]
[WhiteTitle "WCM"]
[BlackTitle "WCM"]
[WhiteElo "1798"]
[BlackElo "1631"]
[WhiteTeam "Japan"]
[BlackTeam "Barbados"]
[WhiteFideId "7000480"]
[BlackFideId "11101610"]
[EventDate "2012.08.28"]

1. d4 d5 2. c4 e6 3. Nc3 Nf6 4. Bg5 Be7 5. e3 c6 6. Nf3 Nbd7 7. Qc2 h6 8. Bh4
Qc7 9. Rc1 O-O 10. Be2 Qd8 11. O-O dxc4 12. Bxc4 b5 13. Be2 Bb7 14. Rfd1 Rc8 15.
Qb1 a6 16. b4 Re8 17. a3 Nd5 18. Bxe7 Qxe7 19. Ne4 N5f6 20. Nc5 Nxc5 21. dxc5
Rcd8 22. Nd4 Nd5 23. Rd3 Qf6 24. Qc2 e5 25. Nb3 e4 26. Rd4 Qe5 27. Rcd1 f5 28.
Na5 Ba8 29. g3 Kh8 30. Nb3 Qe7 31. Bf1 Rf8 32. Qe2 Nc3 33. Qh5 Nxd1 34. Qxd1
Rxd4 35. Nxd4 Rd8 36. Qh5 Rf8 37. Bh3 f4 38. gxf4 Qf6 39. Bf5 Bb7 40. Bxe4 Rc8
41. Qg4 Rc7 42. Kg2 Bc8 43. Qf3 Bd7 44. Qh5 Rc8 45. Qe5 Qh4 46. Bf5 Bxf5 47.
Qxf5 Qd8 48. Qe4 Qd5 49. Qxd5 cxd5 50. f5 Kg8 51. Kg3 Kf7 52. Kf4 Kf6 53. h4 Re8
54. f3 Rc8 55. e4 dxe4 56. fxe4 Re8 57. Nc6 Kf7 58. e5 Rg8 59. h5 Rc8 60. Nd4
Ke7 61. Ke4 Kf7 62. c6 Ke7 63. Kd5 Rd8+ 64. Ke4 1-0